000
00296nam a22001217a 4500
005
20251108175831.0
008
250721s1982 xx 000 0 eng d
100
1
_a
Stevenson, William
245
1
0
_a
ELEMENTS OF POWER SYSTEM ANALYSIS /
264
_c
1982.
942
_2
ddc
_c
BK
999
_c
143537
_d
143537